00329 a2200097 4500001000900000005001700009008004100026245007400067100002700141773006300168ART_789020260410161638.0260409a 10aRecientes pronunciamientos sobre el concepto de beneficiario efectivo1 aEdelstein, Andrés M.0 tConsultor tributariog- Vol. 2, Nº 17 (jul. 2008)wREV474